Générique Alice et la pâtisserie des merveilles - Paroles - Statistiques

Statistiques générales
  • Ce quiz a été pris 6 fois
  • Le résultat moyen est 13 sur 18
Statistiques - réponses
Paroles % Correct
Alice et la pâtisserie des {merveilles}
100%
Alice et la pâtisserie des {merveilles}
100%
Alice et la pâtisserie des {merveilles}
100%
Au fond du terrier du lapin {blanc}
100%
Mais je m'y sens chez {moi}
100%
On bien des choses pour {vous}
100%
On bien des choses pour {vous}
100%
Soyez tous au rendez-{vous}
100%
Tout est sans dessus {dessous}
100%
Amis, entrez chez {nous}
75%
J'ai {découvert}
75%
Tout un monde {merveilleux}
75%
On bien des choses pour {vous}
50%
C'est un rêve {fou}
25%
Quel fabuleux {endroit}
25%
Rien ici n'est {impossible}
25%
Tout ici est si {magique}
25%
Un étrange {univers}
25%
Aucun quiz correspondant
Distribution des résultats
% des personnes avec chaque résultat
Percentile par nombre de réponses
Votre historique - résultats
Vous n’avez pas pris ce quiz